00892nam a2200229 a 450000500170000000800410001704000250005804100080008304400070009110000350009824501860013326000540031930000170037350200850039065000160047565000160049165000150050765000190052270000400054170000420058170000390062320200104041604.0160829b2007 ck |||||rm||| 00| 0 spa d aCO-BoIAVHcCO-BoIAVH aspa ack1 aDorado Montezuma, Erika Jimena10aEvaluación de la diversidad genética del roble común (Quercus humboldtii Bonpl) en cuatro poblaciones de los Andes colombianos mediante marcadores moleculares microsatélites aSantiago de Cali:bUniversidad del Valle, c2007. a49 páginas aTrabajo de grado para optar al título de bióloga con mención en genética14aEcología 14aFenología14aBotánica14aConservación1 aPalacio Mejia, Juan DiegoeDirector1 aCárdenas Henao, HeibereCo-director1 aBarrios Leal, Dora YovanaeAsesora